| 000 | 00426nam a22001697a 4500 | ||
|---|---|---|---|
| 003 | MPLRDC | ||
| 005 | 20220104152127.0 | ||
| 008 | 210129b ||||| |||| 00| 0 eng d | ||
| 082 | _a782.886 ZRJ-3 | ||
| 100 | _a赵锐勇总编辑 | ||
| 245 |
_a朱容基传奇 _c |
||
| 260 |
_a _b纪实半月刊 _c2000 |
||
| 300 | _b平 | ||
| 490 | _a15万言巨献珍本收藏 | ||
| 650 | _a朱容基传记 | ||
| 942 |
_cBK _o782.886 ZRJ-3 |
||
| 999 |
_c52730 _d52720 |
||